000 00472nam a2200169Ia 4500
005 20250508152032.0
008 008 250505s9999 xx 000 0 eng d
037 _aBooks to be hide in OPAC
040 _aFEDL
_beng
_cFEDL
041 _aeng
_2eng
084 _a379.543, CEN/O
_qFEDL
245 0 _aEducation manual of the central provinces and berar
260 _c1928
300 _av,152p.
942 _cHB
_h379.543, CEN/O
999 _c1333815
_d1333815